| 000 | 01238cac a22003131i 4500 | ||
|---|---|---|---|
| 999 |
_c2064 _d2064 |
||
| 003 | EG-ScBUE | ||
| 005 | 20200106134633.0 | ||
| 008 | 190724s2001 enk f 001 0 eng d | ||
| 020 | _a0415254027 | ||
| 020 | _a9780415254021 | ||
| 040 |
_aEG-ScBUE _beng _erda _cEG-ScBUE _dEG-ScBUE |
||
| 082 | 0 | 4 |
_a801.95 _bRIC _222 |
| 100 | 1 |
_aRichards, I. A. _q(Ivor Armstrong), _d1893-1979, _eauthor. |
|
| 245 | 1 | 0 |
_aPrinciples of literary criticism / _cI. A. Richards. |
| 264 | 1 |
_aLondon ; _aNew York : _bRoutledge, Taylor and Francis Group, _c2001. |
|
| 300 |
_ax, 283 pages ; _c21 cm. |
||
| 336 |
_2rdacontent _atext _btxt |
||
| 337 |
_2rdamedia _aunmediated _bn |
||
| 338 |
_2rdacarrier _avolume _bnc |
||
| 490 | 0 | _aRoutledge classics | |
| 500 | _aOriginally published: London : K. Paul, Routledge, 1924. | ||
| 500 | _aIncludes index. | ||
| 520 | _aReissue of this classic work in the development of modern criticism which argues that literary criticism is essentially a branch of psychology, dealing with the states of mind induced by the experiences communicated by art. | ||
| 590 | _aAml Khaled | ||
| 650 | 7 |
_aCriticism _2BUEsh _95477 |
|
| 653 |
_cJuly2019 _bHHUUEENN |
||
| 655 | _vReading book | ||
| 942 |
_cBB _k801.95R5141 _2ddc |
||